000 00679nam a2200277Ia 4500
005 20260320195740.0
008 008 262003s9999 xx 000 0 hin d
020 _a9789389598940
037 _aEBOOK
040 _aCRL
040 _bhin
040 _cCRL
041 _2hin
041 _ahin
084 _qCRL
100 _aरणेन्द्र
_9860472
245 0 _aगूँगी रुलाई का कोरस
250 _a3rd
260 _bRajkamal
260 _c2021
300 _a232
856 _uhttps://ebook.indiaread.in/pdfs/232_goongi_rulaai_ka_chorus_by_ranendra
942 _cEBOOK
999 _c1716292
_d1716292